World construction 2012 (Record no. 115281)

MARC details
000 -LEADER
fixed length control field 01417cad a22002535a 4500
001 - CONTROL NUMBER
control field L158367
008 - FIXED-LENGTH DATA ELEMENTS--GENERAL INFORMATION
fixed length control field 080311s2012 xxkd f s 000 0 eng d
035 ## - SYSTEM CONTROL NUMBER
System control number (Sirsi) u158367
041 0# - LANGUAGE CODE
Language code of text/sound track or separate title eng
050 04 - LIBRARY OF CONGRESS CALL NUMBER
Classification number 338.4569 $2 18
110 2# - MAIN ENTRY--CORPORATE NAME
Corporate name or jurisdiction name as entry element Davis Langdon
9 (RLIN) 4649
245 00 - TITLE STATEMENT
Title World construction 2012
Medium [electronic resource]
260 ## - PUBLICATION, DISTRIBUTION, ETC.
Place of publication, distribution, etc. [S.l.]
Name of publisher, distributor, etc. AECOM
Date of publication, distribution, etc. 2012
490 #0 - SERIES STATEMENT
Series statement Davis Langdon World Construction
Volume/sequential designation 2012
520 ## - SUMMARY, ETC.
Summary, etc. Gives overview of construction globally. Construction spending growth has stalled and 2011 was the fourth consecutive year with little or no growth. Overall, world construction spending grew by just 0.5% to $4.6 trillion and is still below the levels achieved in 2007. However, on a positive note, 2011 saw the first increases in world construction spending since the start of the recession. Although, the outlook for 2012 is looking slightly more pessimistic as the developing economies responsible for much of the growth in the recent past are starting to slow as their developed country export markets continue to decline.
521 2# - TARGET AUDIENCE NOTE
Target audience note Advanced
590 ## - LOCAL NOTE (RLIN)
Local note KA
650 24 - SUBJECT ADDED ENTRY--TOPICAL TERM
Topical term or geographic name entry element DAVIS LANGDON WORLD CONSTRUCTION
651 #4 - SUBJECT ADDED ENTRY--GEOGRAPHIC NAME
Geographic name International
690 ## - LOCAL SUBJECT ADDED ENTRY--TOPICAL TERM (OCLC, RLIN)
Topical term or geographic name as entry element BUILT ENVIRONMENT-CONSTRUCTION MARKET
710 1# - ADDED ENTRY--CORPORATE NAME
Corporate name or jurisdiction name as entry element AECOM
856 40 - ELECTRONIC LOCATION AND ACCESS
Uniform Resource Identifier <a href="https://www.aecom.com/deployedfiles/Internet/About/CAM/WorldConstructionReport_2012.pdf">https://www.aecom.com/deployedfiles/Internet/About/CAM/WorldConstructionReport_2012.pdf</a>
Public note View the item free of charge at www.aecom.com...
942 ## - ADDED ENTRY ELEMENTS (KOHA)
Suppress in OPAC 0
Holdings
Withdrawn status Lost status Source of classification or shelving scheme Damaged status Not for loan Home library Current library Shelving location Date acquired Total Checkouts Full call number Barcode Date last seen Copy number Price effective from Koha item type
    Dewey Decimal Classification     Virtual Virtual Online 21/01/2015   ONLINE PUBLICATION 158367-2001 06/08/2019 1 06/08/2019 Book